000 00573nam a2200229Ia 4500
003 OSt
005 20221005121650.0
006 a|||||r|||| 00| 0
007 ta
008 221004b |||||||| |||| 00| 0 mal d
024 _a56116
037 _cTextual
040 _aCRL
_cCRL
_bmal
041 _2mal
_amal
082 _aO32,3N06x, K1.1
100 _aE.M. Kovoor
_9630939
245 0 _aHoney puranam
260 _c1961
650 _aMALAYALAM FICTION
_9183428
942 _hO32,3N06x, K1.1
_cTEXL
_2cc
999 _c1041878
_d1041878